00700nam a22001697a 4500003000900000008004100009040007100050082001500121100002800136245002900164260004900193300002800242505021100270650001600481650001200497700002100509AR-CdUCM190516b ||||| |||| 00| 0 spa d aMUNICIPALIDAD PROVINCIAL DEL CUSCOcBIBLIOTECA MUNICIPAL DEL CUSCO a927 /bS99 aSymonds, John Addington aVida de Miguel Ángel / aMéxico, D.F. :bBiografias gandesa,c1956. a433 páginas ;c22 cm. aContenido: Nacimiento, infancia y juventud de Miguel Angel en florencia hasta la muerte de Lorenzo de Médicis -- Primeras vistas a Bolonia y Roma, la Madonna della febbre y otras esculturas en mármol... aBiografía aArtista aRoces, Wenceslao